000 00298 a2200145 4500
001 155160
040 _cEscola São Tomás de Aquino
100 _aLIMA, Mirna
240 1 0 _aPorta Aberta
_lpor
245 1 0 _aPorta Aberta
300 _a217
362 0 _a2015
697 _aHISTÓRIA
942 _cBK
999 _c155160
_d155160